Villes de Norvège, Suède ou Finlande ? Mort Subite - Statistiques

Statistiques générales
  • Ce quiz a été pris 530 fois
  • Le résultat moyen est 9 sur 18
Answers on the Grid
Answers color-coded by a green-red scale on the quiz's grid according to % correct below.
Norvège - Oslo
Suède - Bergen
Norvège - Trondheim
Norvège - Stavanger
Norvège - Tromsø
Suède - Alesund
Finlande - Bodø
Finlande - Sandvika
Norvège - Narvik
Suède - Stockholm
Norvège - Göteborg
Suède - Malmö
Suède - Uppsala
Norvège - Västerås
Finlande - Örebro
Suède - Linköping
Norvège - Lund
Suède - Umeå
Suède - Gävle
Suède - Kalmar
Norvège - Kiruna
Finlande - Helsinki
Finlande- Espoo
Finlande - Tampere
Suède - Vantaa
Finlande - Oulu
Norvège - Turku
Finlande - Jyväskylä
Suède - Rovaniemi
Finlande - Lahti
 
Statistiques - réponses
Réponse % Correct
Norvège - Oslo
85%
Finlande - Helsinki
82%
Suède - Stockholm
76%
Suède - Malmö
74%
Norvège - Tromsø
67%
Norvège - Trondheim
60%
Finlande - Tampere
54%
Finlande - Oulu
53%
Suède - Uppsala
49%
Norvège - Stavanger
43%
Finlande- Espoo
42%
Finlande - Jyväskylä
42%
Finlande - Lahti
39%
Suède - Linköping
39%
Norvège - Narvik
38%
Suède - Umeå
38%
Suède - Kalmar
35%
Suède - Gävle
20%
Aucun quiz correspondant
Distribution des résultats
% des personnes avec chaque résultat
Percentile par nombre de réponses
Votre historique - résultats
Vous n’avez pas pris ce quiz